Datum a čas kvízu

33.5 Celkem bodů Celkový počet nahraných bodů na tomto kvízu bez doplňovacích otázek.
6. Pořadí na kvízu Konečné umístění týmu na tomto kvízu.

Zaznamenané odpovědi

# Otázka Odpověď Body Výsledky
1. Která česká celebrita se v pát... Agáta Hanychová 1
2. Královna které evropské země o... Dánska 1
3. Streamovací kanál Netflix zveř... Petr Nárožný, Rebel Moon (První část - Zrozená z ohně) 1
4. Který výrobce smartphonů předs... Xiaomi 1
5. Který známý herec naskočil v s... Ivan Trojan 1
6. Koaly, netopýry nebo lenochody... B 1
7. Nacházíte se mezi spánkem a bd... spánková paralýza 1
8. Film Doktor Spánek (2019) nava... Osvícení (The Shining), Stanley Kubrick 1
9. I v České republice přibývá li... 1-D, 2-B, 3-A, 4-C 1
10. Insomnií neboli nespavostí trp... závislost na telefonu / strach, že ho nebudu mít u sebe 1